Dame un besito /
Poema popular de sencilla lectura que, a través de ilustraciones ricas en significado, les permiten a los primeros lectores experimentar las posibilidades connotativas del texto poético.
Guardado en:
| Autor Principal: | |
|---|---|
| Otros Autores: | , , |
| Formato: | Libro |
| Publicado: |
Buenos Aires :
Cántaro,
2013
|
| Edición: | 1a ed. |
| Series: | Rincón de lectura
|
| Materias: | |
| Etiquetas: |
Agregar Etiqueta
Sin Etiquetas, Sea el primero en etiquetar este registro!
|
| LEADER | 01429nam a22003495a 4500 | ||
|---|---|---|---|
| 001 | CEM.cems015194 | ||
| 008 | 130507s2013##################000#0#####d | ||
| 005 | 20240215124925.0 | ||
| 245 | 1 | 0 | |a Dame un besito / |c Ruth Kaufman y Alicia Zaina ; ilustrado Por Luciana Fernández y Eugenia Nobati |
| 250 | |a 1a ed. | ||
| 260 | |a Buenos Aires : |b Cántaro, |c 2013 | ||
| 300 | |a 24 p. | ||
| 490 | 0 | |a Rincón de lectura | |
| 500 | |a Para leer a niños a partir de 4 años. Para leer solos a partir de 6 años. | ||
| 520 | |a Poema popular de sencilla lectura que, a través de ilustraciones ricas en significado, les permiten a los primeros lectores experimentar las posibilidades connotativas del texto poético. | ||
| 020 | |a 9789507533523 | ||
| 100 | 1 | |a Kaufman, Ruth | |
| 700 | 1 | |a Zaina, Alicia | |
| 700 | 1 | |a Fernández, Luciana; il. | |
| 700 | 1 | |a Nobati, Eugenia; il. | |
| 082 | 0 | 4 | |a A861.4 |
| 653 | |a Literatura | ||
| 653 | |a Literatura argentina | ||
| 653 | |a Literatura infantil | ||
| 653 | |a Poesía | ||
| 653 | |a Poesía infantil | ||
| 653 | |a Libro álbum | ||
| 653 | |a Poesía popular | ||
| 859 | |a CEMS |b BIB. CEMS - Inicial y Primaria |h A861.4 |i K162 |k IP |p 3884 |t Ej. 1 | ||
| 859 | |a CEMS |b BIB. CEMS - Ccias. Educacion |h A861.4 |i K162-1 |k CE |p 28328.19 |t Ej.1 | ||
| 859 | |a CEMS |b BIB. CEMS - Ccias. Educacion |h A861.4 |i K162-1 |k CE |p 28776.19 |t Ej.2 | ||
| 859 | |a CEMS |b BIB. CEMS - Ccias. Educacion |h A861.4 |i K162-1 |k CE |p 28805.19 |t Ej.3 | ||
